LIBRARY & INFORMATION CENTRE, KCAET, TAVANUR

ONLINE PUBLIC ACCESS CATALOGUE (OPAC)

Protein analysis and purification: benchtop techniques / (Record no. 13174)

MARC details
000 -LEADER
fixed length control field 00445cam a2200169ua 4500
041 ## - LANGUAGE CODE
Language code of text/sound track or separate title eng
082 ## - DEWEY DECIMAL CLASSIFICATION NUMBER
Classification number 574.1928
Item number ROS/PR
100 ## - MAIN ENTRY--AUTHOR NAME
Personal name Rosenberg, Ian M .
245 ## - TITLE STATEMENT
Title Protein analysis and purification: benchtop techniques /
260 ## - PUBLICATION, DISTRIBUTION, ETC. (IMPRINT)
Place of publication Boston :
Name of publisher Birkhauser ,
Year of publication 2007.
300 ## - PHYSICAL DESCRIPTION
Number of Pages 520 ; .
942 ## - ADDED ENTRY ELEMENTS (KOHA)
Koha item type Books
Holdings
Withdrawn status Lost status Damaged status Home library Current library Date acquired Full call number Accession Number Koha item type
      KAUAET KAUAET 07/04/2012 574.1928 ROS/PR 21371 Books
free website counter